| 000 | 00599nam a22002417a 4500 | ||
|---|---|---|---|
| 003 | UA-OsUOA | ||
| 001 | 30795 | ||
| 007 | ta | ||
| 008 | 20041115b un ||||| |||| 00| 0 ukr d | ||
| 100 | _aСоловьев Б. И. | ||
| 090 |
_a82.09 _bС60 |
||
| 942 | _cBK | ||
| 040 |
_aUA-OsUOA _brus _cUA-OsUOA _dUA-OsUOA |
||
| 245 |
_aЭтюды о поэтах _bСтатьи |
||
| 300 |
_a336 с. _bІлюстрації |
||
| 955 | _a0 | ||
| 041 | _arus | ||
| 080 | _a82.09 | ||
| 260 |
_aМосква _bСоветский писатель _c1987 |
||
| 044 | _aRU | ||
| 650 | 7 | _2UDC | |
| 999 |
_c317210 _d317210 |
||